|
|
|
|
| LEADER |
01207nam a2200289 a 4500 |
| 001 |
GR-MES12307 |
| 008 |
070530s nju b 001 0 gre d |
| 020 |
|
|
|a 0691088721
|
| 040 |
|
|
|a GrPaTEI
|b gre
|c GR-PaULI
|
| 040 |
|
|
|a GrPaTEI
|b gre
|c GR-PaULI
|
| 082 |
|
0 |
|a 330.015 195
|2 21
|
| 100 |
1 |
|
|a Gourieroux, Christian,
|d 1949-
|
| 245 |
1 |
0 |
|a Financial econometrics :
|b Problems,models, and methods /
|c Christian Gourieroux / Joann Jasiak.
|
| 260 |
|
|
|a Princeton, N.J. :
|b Princeton University Press,
|c 2001
|
| 300 |
|
|
|a xi
|a 513σ. :
|b εικ. ;
|c 25εκ.
|
| 490 |
0 |
|
|a Princeton series in finance
|
| 504 |
|
|
|a Περιλαμβάνει βιβλιογραφίες και ευρετήριο.
|
| 650 |
|
0 |
|a Econometrics
|
| 650 |
|
0 |
|a Finance
|x Statistical methods
|
| 650 |
|
4 |
|a Οικονομετρία
|
| 650 |
|
4 |
|a Οικονομικά
|
| 653 |
|
|
|a Finance--Mathematical models
|
| 700 |
1 |
|
|a Jasiak, Joann
|
| 942 |
|
|
|2 ddc
|
| 952 |
|
|
|0 0
|1 0
|2 ddc
|4 0
|6 330_015000000000000_195_GOU
|7 0
|9 270881
|a MSLG
|b MSLG
|c BSC
|d 2021-01-17
|e 24
|f 0
|g 0.00
|l 0
|o 330.015 195 GOU
|p 2420000021849
|r 2021-01-17 00:00:00
|t 1
|w 2021-01-17
|y BK15
|x 20070530 0 ΜΑΤΣΙΩΡΗ 1
|x GrPaTEI
|
| 971 |
|
|
|a .b25783543
|b 15-04-20
|c 13-09-16
|
| 999 |
|
|
|c 156496
|d 156496
|